| 000 | 00682nam a2200205 u 4500 | ||
|---|---|---|---|
| 005 | 20240112063602.0 | ||
| 008 | 160415s2014 mx r 000 0 spa d | ||
| 020 | _a9786077514886 | ||
| 035 | _aUPN01000209570 | ||
| 049 | _aC | ||
| 050 | 4 |
_aKGF3008 _bA2.9 2014 |
|
| 110 | 1 |
_aMéxico. _t[Ley Federal para Prevenir y Eliminar la Discriminación] |
|
| 245 | 1 | 0 |
_aLey Federal para Prevenir y Eliminar la Discriminación : _breforma del 20 de marzo de 2014 / |
| 260 |
_aMéxico : _bCONAPRED _c2014. |
||
| 300 | _a106 p. | ||
| 650 | 4 |
_aDiscriminación _xLeyes y legislación _zMéxico _920911 |
|
| 650 | 4 |
_aIgualdad ante la ley _zMéxico _919246 |
|
| 905 | _aLibro | ||
| 999 |
_c181671 _d181671 |
||